| 000 | 00699nam a2200241 a 4500 | ||
|---|---|---|---|
| 001 | 25172 | ||
| 003 | CO-ViMGA | ||
| 008 | 141112s2004 ck r 000 u spa d | ||
| 015 | _ack - 2011 - xxxx | ||
| 020 | _a9789588257914 | ||
| 040 |
_aCO-ViMGA _bspa _cCO-ViMGA |
||
| 082 | 0 | 4 | _a808.068 |
| 245 | 1 | 0 | _aDe cómo le salieron las barbas a la ballena [braille] |
| 250 | _a1a. ed. | ||
| 260 |
_aBogotá : _bINCI, _c2011 |
||
| 300 | _a24 p. ; 25 cm. | ||
| 490 | _aLibro al viento | ||
| 500 | _aTexto en imprenta y braille | ||
| 598 | _aNEW - GRAL | ||
| 650 | 1 | 4 |
_aCuentos infantiles _92743 |
| 942 |
_2ddc _cBK |
||
| 990 | _aInstituto Nacional para Ciegos, INCI 2 ejemplares 21 09/05/2012 n a808676 | ||
| 999 |
_c32799 _d32799 |
||